000 00526nam a22001697a 4500
005 20251108173142.0
008 250721s2005 xx 000 0 eng d
020 _a821363905
082 1 4 _aWB/332.15/ WOR
245 1 4 _aThe Effectiveness of World Bank Support for Community-Based and -Driven Development /
264 1 _awashington :
_bThe Inernational Bank For Reconstruction and Development,
_c2005.
300 _a199 P
650 1 7 _aWORLD BANK
650 1 7 _aECONOMIC DEVELOPMENT
942 _2ddc
_cBK
999 _c97239
_d97239